Cuándo enseñar a leer: evaluación de la aptitud para aprender a leer

Saved in:
書目詳細資料
主要作者: Inizan, Andre (Author)
格式: 圖書
語言:西班牙语
出版: Madrid Visor 1989
叢編:Colección Aprendizaje
主題:
標簽: 添加標簽
沒有標簽, 成為第一個標記此記錄!

MARC

LEADER 00000nam a2200000 a 4500
001 UCX8949
003 CL-VaPUC
008 940509e19890000SP |||||||||||||||||spa|d
082 0 4 |a 372.41  |b INI  |2 21 
100 0 |a Inizan, Andre  |e author  |9 326196 
245 1 0 |a Cuándo enseñar a leer: evaluación de la aptitud para aprender a leer 
300 |a 137 p 
942 |c BK 
945 |d 19940509 00:00:00  |a rbrito 
260 |a Madrid  |b Visor  |c 1989 
650 0 |a Comprensión de lectura  |9 307588 
650 7 |a LECTURA EDUCACION BASICA  |2 CL-VaPUC  |9 310525 
583 |a last modification  |c 19940509 00:00:00  |k Rodrigo Vera 
490 0 |a Colección Aprendizaje 
999 |c 228312  |d 228310 
952 |0 0  |1 0  |4 0  |6 372_410000000000000_INI_1989  |7 0  |8 R  |9 228248  |a BIBEDU  |b BIBEDU  |c MCIRC  |d 2019-11-15  |i 2976676  |o 372.41 INI 1989  |p 2976676  |r 2023-01-13  |w 2019-11-15  |y BK_R  |k EPE 
952 |0 0  |1 0  |4 0  |6 372_410000000000000_INI_1989  |7 0  |8 R  |9 228249  |a BIBEDU  |b BIBEDU  |c MCIRC  |d 2019-11-15  |i 3095894  |o 372.41 INI 1989  |p 3095894  |r 2023-01-13  |w 2019-11-15  |y BK_R  |k EDU